000 00747cam a2200205 4500
001 D15574
008 090401t1985 xxu||||| |||| 00| 0 eng d
035 _a(Sirsi) u23729
041 _aeng
050 _a333.335
110 _aRoyal Institution of Chartered Surveyors
_94900
245 _aLAA Weekend briefing `85 [at] Royal Agricultural College, Cirencester, 13 - 15 September 1985
260 _aLondon
_bSurveyors Technical Services
_c1985
300 _a5 papers. programme and synopses. biographical notes on sp
350 _a0
520 _aFiled in box RICS 1985/43 ABC; Note: Only these 5 papers were printed out of a total of 11 lectures
710 _aLand Agency and Agricultural Division
_9765
942 _n0
948 _c04/03/1997
999 _c88439
_d88439